What Formula 1 race? - Statistics

General Stats
  • This quiz has been taken 178 times
  • The average score is 10 of 17
Answer Stats
Description Grand prix % Correct
Lewis Hamilton and Nico Rosberg collide, leading to Max Verstappen becoming the youngest F1 race winner in history. Spain 2016
96%
For a couple of seconds, Felipe Massa was the virtual World Champion. Brazil 2008
93%
Romain Grosjean's car was split in half and went straight trough the barriers. Bahrain 2020
85%
Kimi Raikkonen getting an icecream on his yacht after his DNF. Monaco 2006
73%
Niki Lauda had a major crash, which resulted in his car becoming a massive fireball. Germany 1976
70%
Ayrton Senna driving straight into the side of Alain Prost, therefore becoming the world champion of that year. Japan 1989
68%
Pastor Maldonado getting his maiden first and only F1 race win. Spain 2012
68%
The well known 'Ferrari Sandwhich', in which the Red Bull of Max Verstappen got tangled. Singapore 2017
61%
Within a span of three corners, Daniel Kvyat managed to drive into Sebastian Vettel twice. Russia 2016
58%
Although his gearbox was stuck in 6th gear, Ayrton Senna still managed to win the race. Brazil 1991
54%
Red Bull Racing won their first Grand Prix as a constructor, with Sebastian Vettel being the first to come across the chequered flag. China 2009
51%
Robert Kubica collided with the Toyota of Jarno Trulli resulting in a massive crash. Canada 2007
50%
This Grand Prix holds the record of the longest race duration, at 4 hours, 4 minutes. Canada 2011
50%
Felipe Massa was told, 'Felipe, Fernando is faster than you'. Germany 2010
41%
Jos Verstappen's car caught fire during his pitstop. Germany 1994
32%
Michael Schumacher driving his Ferrari to first place from third on the grid in heavy rain conditions, finishing 45 seconds ahead of Jean Alesi in P2. Spain 1996
31%
Fernando Alonso Drove into the back of Jos Verstappen at the start. Italy 2003
4%
No matching quizzes found
Score Distribution
Percent of People with Each Score
Percentile by Number Answered
Your Score History
You have not taken this quiz